Príprava fotografií pre publikovanie na webe

Bibliographic Details
Main Author: Madoš, Branislav, 1976- (Author)
Format: Article
Language:Slovak
PhysicalDescription:Fotogr.
ISSN:1335-0226
Subjects:

MARC

LEADER 00000nab a2200000 a 4500
001 vtls001490014
003 SK-MaSNL
005 20260304140216.0
008 250505c2004 xo mr|p|||||||000 b|slo
015 |a SNBRB2005/01  |2 snkbucl 
035 |a (uuid)187a32fc-eff2-4ff7-b79c-cfa57374f49d 
035 |a urn:nbn:sk:snk-abtym 
035 |a (urnnbn)urn:nbn:sk:snk:ar-a05eeg 
038 |a SNKBUCL 
040 |a SNKBUCL  |b slo  |c SNKBUCL  |e AACR2 
041 0 |a slo 
044 |a xo  |c SK 
080 |a 004.932:004.738.52  |2 1997 
080 |a 004.738.52  |2 1997 
100 1 |a Madoš, Branislav,  |d 1976-  |4 aut  |9 26404 
245 1 0 |a Príprava fotografií pre publikovanie na webe  |c Branislav Madoš 
300 |b Fotogr. 
650 0 7 |a fotografia  |2 snkbucl  |9 1694 
650 0 7 |a webový dizajn  |2 snkbucl  |9 70314 
650 0 7 |a internetové publikovanie  |2 snkbucl  |9 70315 
773 0 |t PC revue  |g Roč. XII, č. 9 (2004), s. 110-111  |x 1335-0226 
850 |a Slovenská národná knižnica 
852 |a Slovenská národná knižnica 
954 |a odborná, vedecká literatúra pôvodná (slovenská)  |2 lita 
958 |a article27 
958 |a OND 
958 |a EUIPO 
999 |c 2914213  |d 2916143